000 00318nam a22001457a 4500
008 210427b ||||| |||| 00| 0 eng d
020 _a0618302549
041 _aeng
080 _a510
082 _a510
100 _a36
101 _aMAT
245 _aMathematical Excursions
_cRichard N. Aufmann
942 _2udc
_cBK
999 _c56830
_d56830